000 00463nam a2200169Ia 4500
008 230917s9999||||xx |||||||||||||| ||und||
020 _cRS495
040 _e247118
_aMAIN
041 _aEnglish
082 _a581.82 P774A
100 _aPonmurugan, P
245 0 _aApplications of plant tissue culture
260 _aNew Delhi
_bNew Age International
_c2015
300 _axvi, 205 p.
500 _a3104 14/05/2018 HBD18/7401 21/05/2018 Main Budget
942 _cBK
999 _c26651
_d26651